00626cam a2200217 4500001001300000003000400013005001700017008004100034010001700075025002000092040001800112050001600130082001400146100002500160245004600185260009800231300002900329350000900358650002400367999001700391sa 68012150 DLC20260227112607.0691105s1968 ii 000 0 eng  asa 68012150  aPL480:I-E-10529 aDLCcDLCdDLC00aHD3538b.S500a334/.09541 aSinha, B. K.,d1930-10aCo-operatives in Indiac[by] B. K. Sinha. aNew Delhi,bCommittee for Co-operative Training, National Co-operative Union of India,c1968. ax, 261 p.bport.c23 cm. a7.50 0aCooperationzIndia. c84337d84337